Statistiques concernant 50 auteurs de mangas

Cliquez ici pour prendre le quiz!

Statistiques générales

  • Ce quiz a été pris 228 fois
  • Le résultat moyen est 11 sur 50

Statistiques - réponses

HintRéponse% Correct
Dragon Ball, Dr SlumpAkira Toriyama
86%
One PieceEichirō Oda
86%
NarutoMasashi Kishimoto
80%
Shingeki no Kyojin (L'Attaque des Titans)Hajime Isayama
56%
BleachTite Kubo
56%
One Punch ManONE/Yusuke Murata
51%
Hunter x Hunter, Yuyu HakushoYoshihiro Togashi
50%
BerserkKentaro Miura
49%
Fairy TailHiro Mashima
46%
Jojo's Bizarre AdventureHirohiko Araki
43%
Slam Dunk, VagabondTakehiko Inoue
37%
Death Note, BakumanTakeshi Obata/Tsugumi Ōba
35%
My Hero AcademiaKōhei Horikoshi
34%
Black Jack, Astro, le petit Robot, DororoOsamu Tezuka
32%
Eyeshield 21Yusuke Murata/Riichiro Inagaki
29%
Monster, 20th Century BoyNaoki Urasawa
28%
Fullmetal AlchemistHiromu Arakawa
24%
Hokuto no Ken (Ken le Suriviant)Buronson/Tetsuo Hara
19%
KingdomYasuhisa Hara
17%
Gantz, Last Hero InuyashikiHiroya Oku
16%
Ranma 1/2, InuyashaRumiko Takahashi
16%
Tokyo GhoulSui Ishida
16%
Yu-Gi-Oh!Kazuki Takahashi
15%
Captain Tsubasa (Olive et Tom)Yōichi Takahashi
15%
Goldorak, DevilmanGō Nagai
14%
GTOTōru Fujisawa
12%
Détective ConanGōshō Aoyama
11%
Capitaine Albator, Galaxy Express 999Leiji Matsumoto
11%
Assassination ClassroomYūsei Matsui
11%
NanaAi Yazawa
9%
Hajime no IppoGeorge Morikawa
9%
Saint SeiyaMasami Kurumada
9%
Kimagure Orange RoadIzumi Matsumoto
8%
Rainbow, BestiariusMasasumi Kakizaki
8%
Kenshin le VagabondNobuhiro Watsuki
8%
Sailor MoonNaoko Takeuchi
6%
Haikyū!!Haruichi Furudate
5%
Ashita no JoeTetsuya Chiba/Asao Takamori
5%
Black ButlerYana Toboso
4%
Fruit BasketNatsuki Takaya
3%
Kuroko's BasketTadatoshi Fujimaki
3%
CobraBuichi Terasawa
1%
Parasite (Kiseijū)Iwaaki Itoshi
1%
Ghost in the Shell, AppleseedMasamune Shirow
1%
Initial DShuichi Shigeno
1%
Golgo 13Takao Saitō
1%
Hana Yori DangoYōko Kamio
1%
Soul Eater, Fire ForceAtsushi Ōkubo
0%
Akira, SteamboyKatsuhiro Ōtomo
0%
City Hunter (Nicky Larson), Cat's EyesTsukasa Hōjō
0%

Distribution des résultats

Percentile par nombre de réponses

% des personnes avec chaque résultat

Votre développement - résultats

Vous n’avez pas pris ce quiz